Kinh tế học vĩ mô

保存先:
書誌詳細
第一著者: Nguyễn, Văn Dần
フォーマット: 図書
出版事項: Tài Chính 2007
タグ: タグ追加
タグなし, このレコードへの初めてのタグを付けませんか!
Thư viện lưu trữ: Mạng thư viện Đại học Đà Nẵng
LEADER 00542nam a2200229 a 4500
001 000029724
003 29314
005 20171030145630.0
008 171030s2007
020 |c 55000 
040 |a LTT 
082 0 |a 339  |b NG-D 
100 1 |a Nguyễn, Văn Dần 
245 0 0 |a Kinh tế học vĩ mô  |c Nguyễn Văn Dần. 
260 |b Tài Chính  |c 2007 
OWN |a LTT 
999 |a From the UDN01 
TYP |a Monograph 
TYP |a Printed language 
980 |a Mạng thư viện Đại học Đà Nẵng